[Event "Rottach Egern Seniors Cup 12th"]
[Site "Rottach Egern"]
[Date "2024.04.09"]
[Round "4"]
[White "Winnig, Bernd"]
[Black "Wagner, Richard1"]
[Result "1/2-1/2"]
[WhiteElo "1912"]
[BlackElo "1822"]
[PlyCount "41"]
[EventDate "2024.04.06"]
[EventType "swiss"]
[EventRounds "9"]
[EventCountry "GER"]
[SourceTitle "CB16_2024"]
[SourceDate "2024.04.17"]
[SourceVersion "1"]
[SourceVersionDate "2024.04.17"]
[SourceQuality "1"]

1. d4 Nf6 2. c4 e6 3. g3 d5 4. Bg2 Be7 5. Nf3 0-0 6. 0-0 dxc4 7. Qa4 Bd7 8. Qxc4 Bc6 9. Nbd2 a6 10. b3 Bb5 11. Qc3 Bxe2 12. Re1 Bxf3 13. Bxf3 c6 14. Bb2 Nbd7 15. Nc4 a5 16. a3 Qc7 17. Rad1 Nd5 18. Qc2 Rfe8 19. Ne5 g6 20. Nd3 Bf8 21. Bc1 1/2-1/2

[Event "WchT Seniors 50"]
[Site "Radebeul"]
[Date "2016.07.02"]
[Round "7.17"]
[White "Thoele, Wolfgang"]
[Black "Winnig, Bernd"]
[Result "1/2-1/2"]
[WhiteElo "1990"]
[BlackElo "1999"]
[PlyCount "50"]
[EventDate "2016.06.26"]
[EventType "team-swiss"]
[EventRounds "9"]
[EventCountry "GER"]
[SourceTitle "CBM 173 Extra"]
[Source "ChessBase"]
[SourceDate "2016.08.29"]
[SourceVersion "1"]
[SourceVersionDate "2016.08.29"]
[SourceQuality "1"]
[WhiteTeam "Bielefeld Rochade"]
[BlackTeam "Bernburg"]
[WhiteTeamCountry "GER"]
[BlackTeamCountry "GER"]

1. e4 e6 2. d4 d5 3. exd5 exd5 4. Bd3 Nc6 5. c3 Bd6 6. Ne2 Nf6 7. Bg5 0-0 8. Qd2 Be6 9. 0-0 Be7 10. Ng3 Ng4 11. Bxe7 Nxe7 12. Qc2 Nf6 13. Nd2 c6 14. Nf3 h6 15. Rae1 Qc7 16. Ne5 Nd7 17. f4 f6 18. Nxd7 Qxd7 19. Qe2 Bf5 20. Qxe7 Qxe7 21. Rxe7 Bxd3 22. Rfe1 Rf7 23. R1e3 Bc2 24. Re2 Bd3 25. R2e3 Bc2 1/2-1/2

[Event "WchT Seniors 50"]
[Site "Radebeul"]
[Date "2016.07.01"]
[Round "6.20"]
[White "Winnig, Bernd"]
[Black "Richter, Andreas"]
[Result "1/2-1/2"]
[WhiteElo "1999"]
[BlackElo "1747"]
[PlyCount "49"]
[EventDate "2016.06.26"]
[EventType "team-swiss"]
[EventRounds "9"]
[EventCountry "GER"]
[SourceTitle "CBM 173 Extra"]
[Source "ChessBase"]
[SourceDate "2016.08.29"]
[SourceVersion "1"]
[SourceVersionDate "2016.08.29"]
[SourceQuality "1"]
[WhiteTeam "Bernburg"]
[BlackTeam "Radebeul Chemie"]
[WhiteTeamCountry "GER"]
[BlackTeamCountry "GER"]

1. d4 Nf6 2. c4 g6 3. Nc3 d5 4. Nf3 Bg7 5. Bf4 c6 6. cxd5 Nxd5 7. Be5 Nxc3 8. bxc3 0-0 9. e4 Qa5 10. Qb3 Bg4 11. Bxg7 Kxg7 12. Ne5 Be6 13. Bc4 Nd7 14. Nxd7 Bxd7 15. 0-0 b5 16. Be2 Qc7 17. c4 a6 18. Rac1 Qf4 19. f3 f5 20. g3 Qd2 21. Qd1 Qe3+ 22. Kg2 fxe4 23. fxe4 Be6 24. Re1 Qa3 25. Qb3 1/2-1/2

[Event "WchT Seniors 50"]
[Site "Radebeul"]
[Date "2016.06.30"]
[Round "5.4"]
[White "Glasewald, Stefan"]
[Black "Winnig, Bernd"]
[Result "1/2-1/2"]
[WhiteElo "2045"]
[BlackElo "1999"]
[PlyCount "43"]
[EventDate "2016.06.26"]
[EventType "team-swiss"]
[EventRounds "9"]
[EventCountry "GER"]
[SourceTitle "CBM 173 Extra"]
[Source "ChessBase"]
[SourceDate "2016.08.29"]
[SourceVersion "1"]
[SourceVersionDate "2016.08.29"]
[SourceQuality "1"]
[WhiteTeam "Dresden Striesen"]
[BlackTeam "Bernburg"]
[WhiteTeamCountry "GER"]
[BlackTeamCountry "GER"]

1. d4 e6 2. e4 d5 3. Nc3 Nf6 4. Bg5 dxe4 5. Nxe4 Nbd7 6. Nf3 Be7 7. Nxf6+ Nxf6 8. c3 0-0 9. Bd3 c5 10. dxc5 Bxc5 11. Bxf6 Qxf6 12. 0-0 Rd8 13. Qe2 g6 14. Rad1 Bd7 15. Bb5 Bxb5 16. Qxb5 b6 17. a4 Rxd1 18. Rxd1 Rd8 19. Qe2 a6 20. Rxd8+ Qxd8 21. Qd2 Qc7 22. Qc2 1/2-1/2

[Event "Leipzig VfB op 15th"]
[Site "Leipzig"]
[Date "2008.03.01"]
[Round "7"]
[White "Winnig, Bernd"]
[Black "Reimann, Hubert"]
[Result "1/2-1/2"]
[WhiteElo "2047"]
[BlackElo "1953"]
[PlyCount "117"]
[EventDate "2008.02.26"]
[EventType "swiss"]
[EventRounds "9"]
[EventCountry "GER"]
[SourceTitle "CBM 123 Extra"]
[Source "ChessBase"]
[SourceDate "2008.05.06"]
[SourceVersion "1"]
[SourceVersionDate "2008.05.06"]
[SourceQuality "1"]

1. d4 Nf6 2. c4 e6 3. g3 Bb4+ 4. Bd2 a5 5. Bg2 d5 6. Nf3 0-0 7. 0-0 b6 8. a3 Be7 9. Nc3 Bb7 10. Ne5 Na6 11. Qc2 c5 12. dxc5 Nxc5 13. cxd5 exd5 14. Rfd1 Rc8 15. Be3 Nce4 16. Qb3 Qd6 17. Nxf7 Qe6 18. Ng5 Nxg5 19. Bxg5 Bc5 20. Bxf6 Qxf6 21. Bxd5+ Bxd5 22. Qxd5+ Kh8 23. Ne4 Qxb2 24. Nxc5 Rxc5 25. Qd8 Rcf5 26. f4 Qxe2 27. Qxb6 h5 28. Qd4 Qg4 29. Rf1 h4 30. Kg2 h3+ 31. Kg1 Qe2 32. Rf2 Qe6 33. Qd1 Rd5 34. Qe2 Qd7 35. Qf3 Qf5 36. Qc3 Rd3 37. Qc2 Qd5 38. Qe2 Rd8 39. Re1 Rxa3 40. Qg4 Rd3 41. Qxh3+ Kg8 42. Qe6+ Qxe6 43. Rxe6 Ra8 44. Ra2 a4 45. Kf2 Kf7 46. Re4 a3 47. Re3 Rxe3 48. Kxe3 Kf6 49. g4 Rh8 50. Ke4 Rh3 51. Re2 Rb3 52. Rc2 Rh3 53. Rc6+ Kf7 54. Kf5 a2 55. Ra6 Rxh2 56. Ra7+ Kf8 57. g5 Rf2 58. g6 Rg2 59. Ra8+ 1/2-1/2

[Event "Leipzig VfB op 15th"]
[Site "Leipzig"]
[Date "2008.02.29"]
[Round "5"]
[White "Winnig, Bernd"]
[Black "Konya, Attila Sr"]
[Result "1-0"]
[WhiteElo "2047"]
[BlackElo "1696"]
[PlyCount "55"]
[EventDate "2008.02.26"]
[EventType "swiss"]
[EventRounds "9"]
[EventCountry "GER"]
[SourceTitle "CBM 123 Extra"]
[Source "ChessBase"]
[SourceDate "2008.05.06"]
[SourceVersion "1"]
[SourceVersionDate "2008.05.06"]
[SourceQuality "1"]

1. d4 Nf6 2. c4 g6 3. Nc3 Bg7 4. e4 d6 5. Be2 0-0 6. Nf3 e5 7. 0-0 Nc6 8. d5 Ne7 9. Ne1 Nd7 10. Nd3 f5 11. f3 Nf6 12. Be3 f4 13. Bf2 g5 14. Rc1 Kh8 15. c5 Neg8 16. cxd6 cxd6 17. Nb5 Rf7 18. Qb3 b6 19. Nb4 Bb7 20. Nc6 Bxc6 21. dxc6 Rf8 22. Rfe1 Ne8 23. c7 Qc8 24. Bc4 Nxc7 25. Bxg8 Rxg8 26. Nxc7 Rb8 27. Ne6 Qd7 28. Rc7 1-0

[Event "Friedrichroda op 11th"]
[Site "Friedrichroda"]
[Date "2007.08.09"]
[Round "2"]
[White "Winnig, Bernd"]
[Black "Heuberger, Josef"]
[Result "0-1"]
[WhiteElo "2065"]
[BlackElo "1345"]
[PlyCount "104"]
[EventDate "2007.08.08"]
[EventType "swiss"]
[EventRounds "7"]
[EventCountry "GER"]
[SourceTitle "CBM 120 Extra"]
[Source "ChessBase"]
[SourceDate "2007.11.01"]
[SourceVersion "1"]
[SourceVersionDate "2007.11.01"]
[SourceQuality "1"]

1. d4 Nf6 2. c4 g6 3. Nc3 Bg7 4. e4 d6 5. Be2 0-0 6. Nf3 e5 7. dxe5 dxe5 8. Qxd8 Rxd8 9. Bg5 h6 10. Bxf6 Bxf6 11. Nd5 Nd7 12. Nxc7 Rb8 13. Rd1 b6 14. Nd5 Bg7 15. 0-0 Bb7 16. b4 Nf8 17. Rd2 Ne6 18. Rfd1 Kf8 19. Ne1 Nd4 20. Nc2 Rbc8 21. Nxd4 exd4 22. a4 Ba6 23. b5 Bb7 24. Bd3 Rc5 25. Ra2 Be5 26. g3 g5 27. a5 bxa5 28. Rxa5 Ra8 29. Rda1 Bb8 30. b6 Rxa5 31. Rxa5 axb6 32. Rxa8 Bxa8 33. Nxb6 Bc6 34. f3 Ke7 35. c5 Kd8 36. Bc4 f6 37. Bd5 Kc7 38. Kf1 Ba7 39. Ke2 Bxb6 40. cxb6+ Kxb6 41. Bc4 Kc5 42. Kd3 Bd7 43. g4 Ba4 44. Be6 Bd1 45. Bc8 Bxf3 46. Bf5 Bg2 47. Bg6 Bf1+ 48. Kd2 Bc4 49. Bf5 Kd6 50. Bg6 Ke5 51. Bh7 Kf4 52. Bf5 Bb5 0-1

[Event "Friedrichroda op 11th"]
[Site "Friedrichroda"]
[Date "2007.08.08"]
[Round "1"]
[White "Stuemer, Paul"]
[Black "Winnig, Bernd"]
[Result "1-0"]
[WhiteElo "2150"]
[BlackElo "2065"]
[PlyCount "59"]
[EventDate "2007.08.08"]
[EventType "swiss"]
[EventRounds "7"]
[EventCountry "GER"]
[SourceTitle "CBM 120 Extra"]
[Source "ChessBase"]
[SourceDate "2007.11.01"]
[SourceVersion "1"]
[SourceVersionDate "2007.11.01"]
[SourceQuality "1"]

1. c4 c5 2. g3 Nc6 3. Bg2 g6 4. Nc3 Bg7 5. a3 Rb8 6. b4 cxb4 7. axb4 Nxb4 8. Rxa7 Na6 9. d4 Qa5 10. Qd2 Nf6 11. Nb5 Qa4 12. Nc7+ Kf8 13. Nxa6 bxa6 14. Nh3 Qxc4 15. 0-0 Nd5 16. Qa5 Nb6 17. Bf4 d6 18. Rc1 Qb5 19. Qc3 Bd7 20. Ng5 h6 21. Ne4 Nd5 22. Qd2 Nxf4 23. gxf4 Bf5 24. h3 Qb6 25. Rcc7 Bxd4 26. Rxe7 Qb1+ 27. Kh2 Bxa7 28. Qxd6 Qb6 29. Re8+ Kg7 30. Qe5+ 1-0

[Event "Moehnesee Cup-A"]
[Site "Moehnesee"]
[Date "2005.08.20"]
[Round "5"]
[White "Winnig, Bernd"]
[Black "Potempa, Dieter Heinz"]
[Result "1/2-1/2"]
[WhiteElo "2080"]
[BlackElo "1970"]
[PlyCount "30"]
[EventDate "2005.08.18"]
[EventType "swiss"]
[EventRounds "7"]
[EventCountry "GER"]
[SourceTitle "CBM 108 Extra"]
[Source "ChessBase"]
[SourceDate "2005.11.04"]
[SourceVersion "1"]
[SourceVersionDate "2005.11.04"]
[SourceQuality "1"]

1. d4 d5 2. c4 c6 3. cxd5 cxd5 4. Nc3 Nf6 5. Nf3 Nc6 6. Bf4 Bf5 7. e3 e6 8. Bb5 Nd7 9. 0-0 Rc8 10. Rc1 Be7 11. Ne5 Ncxe5 12. Bxe5 0-0 13. Bxd7 Qxd7 14. Qa4 Qxa4 15. Nxa4 b6 1/2-1/2

[Event "Moehnesee Cup-A"]
[Site "Moehnesee"]
[Date "2005.08.19"]
[Round "2"]
[White "Winnig, Bernd"]
[Black "Schmuecker, Marcus"]
[Result "1/2-1/2"]
[WhiteElo "2080"]
[BlackElo "2224"]
[PlyCount "82"]
[EventDate "2005.08.18"]
[EventType "swiss"]
[EventRounds "7"]
[EventCountry "GER"]
[SourceTitle "CBM 108 Extra"]
[Source "ChessBase"]
[SourceDate "2005.11.04"]
[SourceVersion "1"]
[SourceVersionDate "2005.11.04"]
[SourceQuality "1"]

1. d4 d5 2. c4 c6 3. cxd5 cxd5 4. Nc3 Nc6 5. Nf3 Nf6 6. Bf4 Ne4 7. e3 Nxc3 8. bxc3 g6 9. Be2 Bg7 10. 0-0 0-0 11. c4 dxc4 12. Bxc4 b6 13. Qa4 Bb7 14. Ba6 Bxa6 15. Qxa6 Qc8 16. Qa3 Qb7 17. Rac1 Rfc8 18. Rc2 Na5 19. Rfc1 Rxc2 20. Rxc2 Rc8 21. Qc1 Rxc2 22. Qxc2 Qc6 23. Qxc6 Nxc6 24. a3 b5 25. Bc7 e6 26. Bd6 Na5 27. Nd2 Nb7 28. Be7 f5 29. Nb3 Kf7 30. Bb4 Ke8 31. Kf1 Kd7 32. Nc5+ Nxc5 33. Bxc5 a5 34. Ke2 e5 35. Bb6 a4 36. Bc5 exd4 37. exd4 Kc6 38. Kd3 Kd5 39. f3 b4 40. axb4 Bf6 41. Kc3 Bd8 1/2-1/2

[Event "Leipzig VfB op 12th"]
[Site "Leipzig"]
[Date "2005.03.01"]
[Round "1"]
[White "Winnig, Bernd"]
[Black "Petzel, Oliver"]
[Result "1-0"]
[WhiteElo "2094"]
[BlackElo "1646"]
[PlyCount "113"]
[EventDate "2005.01.03"]
[EventType "swiss"]
[EventRounds "9"]
[EventCountry "GER"]
[SourceTitle "EXT 2008"]
[Source "ChessBase"]
[SourceDate "2007.11.25"]
[SourceVersion "1"]
[SourceVersionDate "2007.11.25"]
[SourceQuality "1"]

1. d4 d5 2. c4 e6 3. g3 Nf6 4. Bg2 Bb4+ 5. Bd2 Bxd2+ 6. Nxd2 Nc6 7. Ngf3 0-0 8. 0-0 Re8 9. Qc2 e5 10. dxe5 Nxe5 11. cxd5 Qxd5 12. Qxc7 Nxf3+ 13. Nxf3 Rxe2 14. Rad1 Qc6 15. Rd8+ Re8 16. Qxc6 bxc6 17. Rxe8+ Nxe8 18. Nd4 Bb7 19. Nxc6 Bxc6 20. Bxc6 Rc8 21. Bd7 Rd8 22. Rd1 Nf6 23. Ba4 Rb8 24. b4 h6 25. a3 Ne4 26. Rd7 a5 27. Bc2 Nf6 28. Rd4 axb4 29. Rxb4 Rc8 30. Rb2 Kf8 31. a4 Nd5 32. Bf5 Rc1+ 33. Kg2 Ra1 34. Bc2 Nc3 35. Rb4 Ra2 36. Bb3 Rb2 37. a5 Nd1 38. Rb8+ Ke7 39. Rb7+ Kd8 40. Bd5 Rxf2+ 41. Kg1 Rf5 42. a6 Ne3 43. Rxf7 Rxf7 44. Bxf7 Kc7 45. Be6 Nc2 46. Kf2 Nb4 47. Bc4 Kb6 48. Ke3 Nxa6 49. Bxa6 Kxa6 50. Ke4 Kb5 51. Kf5 h5 52. Kg6 Kc5 53. Kxh5 Kd5 54. Kg6 Ke5 55. h4 Ke4 56. Kxg7 Kf5 57. h5 1-0

[Event "Leipzig VfB op 11th"]
[Site "Leipzig"]
[Date "2004.03.17"]
[Round "3"]
[White "Seidel, Thomas1111"]
[Black "Winnig, Bernd"]
[Result "1/2-1/2"]
[WhiteElo "1790"]
[BlackElo "2100"]
[PlyCount "90"]
[EventDate "2004.03.16"]
[EventType "swiss"]
[EventRounds "9"]
[EventCountry "GER"]
[SourceTitle "EXT 2007"]
[Source "ChessBase"]
[SourceDate "2006.11.23"]
[SourceVersion "1"]
[SourceVersionDate "2006.11.23"]
[SourceQuality "1"]

1. c4 e6 2. Nc3 Nf6 3. e4 c5 4. Nf3 Nc6 5. d4 cxd4 6. Nxd4 a6 7. Be3 Be7 8. f3 0-0 9. Be2 Qc7 10. 0-0 Rd8 11. Rc1 Bc5 12. Kh1 d6 13. a3 Nxd4 14. Bxd4 Qe7 15. b4 Bxd4 16. Qxd4 d5 17. e5 Nd7 18. c5 f6 19. exf6 Nxf6 20. f4 Bd7 21. Bf3 Qf7 22. a4 Re8 23. b5 axb5 24. Nxb5 Bxb5 25. axb5 Rac8 26. Bd1 Ne4 27. Ba4 Qf6 28. Qxf6 gxf6 29. b6 Re7 30. c6 Nd6 31. Rfe1 Kf7 32. Kg1 Nc4 33. Bb5 Nxb6 34. cxb7 Rxb7 35. Rb1 Rcb8 36. f5 e5 37. Bc6 Rc7 38. Bxd5+ Ke7 39. Be6 Rbb7 40. Re3 Nd7 41. Rxb7 Rxb7 42. Rh3 Nf8 43. Bg8 Ke8 44. Rh6 Rg7 45. Bd5 Ke7 1/2-1/2

[Event "Leipzig VfB op 09th"]
[Site "Leipzig"]
[Date "2002.03.07"]
[Round "5"]
[White "Winnig, Bernd"]
[Black "Goetzee, Rick W"]
[Result "1/2-1/2"]
[WhiteElo "1796"]
[BlackElo "1600"]
[PlyCount "87"]
[EventDate "2002.03.05"]
[EventType "swiss"]
[EventRounds "9"]
[EventCountry "GER"]
[SourceTitle "EXT 2007"]
[Source "ChessBase"]
[SourceDate "2006.11.23"]
[SourceVersion "1"]
[SourceVersionDate "2006.11.23"]
[SourceQuality "1"]

1. d4 d5 2. c4 c6 3. cxd5 cxd5 4. Nf3 Nf6 5. Nc3 Nc6 6. Bf4 a6 7. e3 e6 8. Be2 Bd6 9. Bxd6 Qxd6 10. 0-0 0-0 11. Rc1 Bd7 12. a3 b5 13. b4 Rac8 14. Bd3 Qb8 15. Qb3 Rc7 16. Qb1 h6 17. e4 dxe4 18. Nxe4 Nxe4 19. Bxe4 Rfc8 20. Rc5 Ne7 21. Ne5 Bc6 22. Nxc6 Nxc6 23. Bxc6 Rxc6 24. Rfc1 Rxc5 25. dxc5 Rd8 26. Rd1 Qc7 27. Rd3 Kf8 28. Qd1 Rxd3 29. Qxd3 f6 30. g3 Qc6 31. f4 Kf7 32. Qd1 Qe4 33. Kf2 Kf8 34. Qd8+ Kf7 35. Qd7+ Kf8 36. c6 Qc2+ 37. Kg1 Qc1+ 38. Kg2 Qc2+ 39. Kh3 Qf5+ 40. Kg2 Qe4+ 41. Kf2 Qc2+ 42. Kf3 Qc3+ 43. Kg4 Qe3 44. Kh3 1/2-1/2